<?xml version="1.0" encoding="UTF-8"?>
<collection xmlns="http://www.loc.gov/MARC21/slim">
  <record>
    <leader>00000nam  2200000   4500</leader>
    <controlfield tag="001">INLIS000000000020341</controlfield>
    <controlfield tag="005">20250613030231</controlfield>
    <datafield tag="035" ind1="#" ind2="#">
      <subfield code="a">0010-0625000083</subfield>
    </datafield>
    <controlfield tag="007">ta</controlfield>
    <controlfield tag="008">250613################g##########0#ind##</controlfield>
    <datafield tag="082" ind1="#" ind2="#">
      <subfield code="a">395.52</subfield>
    </datafield>
    <datafield tag="084" ind1="#" ind2="#">
      <subfield code="a">395.52 SIM e</subfield>
    </datafield>
    <datafield tag="100" ind1=" " ind2="#">
      <subfield code="a">Simorangkir, O.P.</subfield>
    </datafield>
    <datafield tag="245" ind1="1" ind2="#">
      <subfield code="a">Etiket Kantor /</subfield>
      <subfield code="c">O.P. Simorangkir</subfield>
    </datafield>
    <datafield tag="260" ind1="#" ind2="#">
      <subfield code="a">Jakarta :</subfield>
      <subfield code="b">Perbanas,</subfield>
      <subfield code="c">1978</subfield>
    </datafield>
    <datafield tag="300" ind1="#" ind2="#">
      <subfield code="a">xiv, 110 halaman :</subfield>
      <subfield code="b">ilus ;</subfield>
      <subfield code="c">21 cm</subfield>
    </datafield>
    <datafield tag="650" ind1="#" ind2="4">
      <subfield code="a">Etika</subfield>
    </datafield>
    <datafield tag="520" ind1="#" ind2="#">
      <subfield code="a">Buku ini adalah suatu usaha memberi pandangan mengenai Etik dan Moral Perbankan, ditinjau dari sudut penghayatan Pancasila. Buku ini terdiri dari dua bagian, bagian pertama mengupas perbedaan antara kaidah hukum, agama dan etik, kemudian menarik garis persamaan antara adat-istiadat dan Pancasila sebagai kesimpulan. Bagian kedua menguraikan azas-azas Etik Perbankan, integritas dan wibawa Bankir Nasional, dengan memberikan appeal dan tekanan dalam bab terakhir kepada hak-hak azasi manusia.</subfield>
    </datafield>
    <datafield tag="990" ind1="#" ind2="#">
      <subfield code="a">15060</subfield>
    </datafield>
    <datafield tag="990" ind1="#" ind2="#">
      <subfield code="a">15061</subfield>
    </datafield>
    <datafield tag="990" ind1="#" ind2="#">
      <subfield code="a">17413</subfield>
    </datafield>
  </record>
</collection>
